Power and Policy in the Third World
Uložené v:
| Hlavný autor: | |
|---|---|
| Médium: | Kniha |
| Jazyk: | English |
| Vydavateľské údaje: |
New York
Macmillan Publishing Company
1986
|
| Vydanie: | 3rd Edition |
| Predmet: | |
| Tagy: |
Žiadne tagy, Buďte prvý, kto otaguje tento záznam!
|
MARC
| LEADER | 00000nam a2200000 4500 | ||
|---|---|---|---|
| 001 | 0262917 | ||
| 005 | 20240111123351.0 | ||
| 020 | |a 0-02-322670-6 | ||
| 041 | 0 | |a eng | |
| 044 | |a US | ||
| 245 | 1 | 0 | |a Power and Policy in the Third World |c Robert P. Clark |
| 250 | |a 3rd Edition | ||
| 264 | 1 | |a New York |b Macmillan Publishing Company |c 1986 | |
| 300 | |a 176 s. | ||
| 610 | 2 | 0 | |a politika |
| 610 | 2 | 0 | |a krajiny rozvojové |
| 610 | 2 | 0 | |a vývoj |
| 610 | 2 | 0 | |a situácia hospodárska |
| 610 | 2 | 0 | |a situácia politická |
| 610 | 2 | 0 | |a situácia sociálna |
| 610 | 2 | 0 | |a moc politická |
| 610 | 2 | 0 | |a krajiny vyspelé |
| 610 | 2 | 0 | |a konflikty medzinárodné |
| 100 | 1 | |a Clark, Robert P. | |